Statistics for Countries Closest to Djibouti

Click here to take the quiz!

General Stats

  • This quiz has been taken 1,162 times
  • The average score is 17 of 20

Answer Stats

kmcountrymiles% Correct
0Ethiopia0
98%
0Somalia0
98%
1365Egypt848
96%
0Eritrea0
96%
624Sudan387
96%
857South Sudan532
95%
751Kenya467
93%
20Yemen12
93%
409Saudi Arabia254
92%
1155Oman718
91%
1143Uganda710
88%
1585Tanzania985
87%
1835Rwanda1140
84%
1458Dem Rep of Congo906
83%
1551Qatar964
81%
1515United Arab Emirates941
81%
1706Central African Republic1060
80%
1640Bahrain1019
78%
1822Kuwait1132
73%
1843Iraq1145
68%

Score Distribution

Percentile by Number Answered

Percent of People with Each Score

Your Score History

You have not taken this quiz